Marvel HELDEN - Statistiken

Allgemein
  • Dieses Quiz wurde 1.389 mal gespielt
  • Das Durchschnittsergebnis liegt bei 21 aus 67
Antwortstatistiken
Merkmal Held % Korrekt
Aufgrund einer übermäßigen Aussetzung von Gammastrahlung verwandelt sich ***** durch Wut, Stress oder Schmerz unkontrolliert in eine große, grüne Kreatur Hulk
95%
Multimilliardär und Besitzer des Waffenkonzerns Stark Industries Iron Man
93%
zur Zeit des Zweiten Weltkrieges ein schwächlicher junger Mann, meldet sich freiwillig zum Kriegsdienst, wird aber ausgemustert. Um seinem Land trotzdem zu dienen, stellt er sich für ein Experiment von Howard Stark (Vater von Tony Stark/Iron Man) zur Verfügung. Stark will mittels eines „Supersoldatenserums“ eine Armee unbesiegbarer „Super“-Männer erschaffen, größter Erzfeind: Red Skull Captain America
87%
von einer radioaktiven Spinne gebissen wird. Sein Körper entwickelt daraufhin verschiedene Superkräfte: übermenschliche Stärke, Geschwindigkeit und Agilität, die Fähigkeit, an glatten Oberflächen zu „kleben“, sowie einen besonderen Gefahrensinn, den „Spinnensinn“ Spider-Man
86%
Odins Son und Herscher von Asgard ihm gehört Mjolnir Thor
85%
Ein Biophysiker, der eine Substanz entdeckt hat, mit der er seine Größe variieren kann, Gründungsmitglied der Avangers, Mitglied der West Coast Avengers, Gründer der „Avengers Academy“ Ant-Man
84%
Die Identität des Ant-Man überlässt Pym dem ehemaligen Dieb und Elektrotechniker Scott Lang, der einst den Anzug gestohlen hatte, um seiner todkranken Tochter Cassandra „Cassie“ Lang zu helfen, und seitdem zu einem hochgeschätzten Mitglied der Marvel-Superheldenwelt avanciert ist. Lang erhielt sein Debüt in den Comics The Avengers #181 (1979) und Marvel Premiere #47 (1979) Ant-Man
84%
Agentin von S.H.I.E.L.D. sowie Mitglied der Avengers, professionell ausgebildete Nahkämpferin und Spionin, Ihre Ausrüstung sind konventionelle Waffen und Hilfsmittel, getarnt als Allerweltsgegenstände, Unsichtbar machen Black Widow
82%
König Wakandas, übermenschliche Körperkraft und Geschwindigkeit, Mitglied der Avengers, Zwischenzeitlich war er mit Storm von den X-Men verheiratet Black Panther
79%
Einst ein geachteter Chirurg, wurde von einem alten Mystiker zum Obersten Zauberer (Sorcerer Supreme) der Menschheit ausgebildet und wird so zum Hauptbeschützer der Erde vor feindlichen mystischen Kräften und Entitäten Doctor Strange
72%
Mitglied der Rächer, Bogengeschick Hawkeye
67%
Der beste Freund von Steve Rogers, gehirngewaschener sowjetischer Superagent Bucky Barnes
66%
Rasse der Kree, als Spion auf die Erde geschickt wurde. Im Laufe der Zeit jedoch beginnt *** Sympathien für die Menschheit zu entwickeln und wird zum Superhelden, Captain Marvel
63%
die letzte Überlebende des außerirdischen Volkes der Zen-Whoberis, Thanos adoptierte Sie Gamora
61%
Ein außerirdisches Pflanzenwesen von der Rasse der Flora Colossi, welches zunächst mit feindlichen Absichten gegen die Menschheit auf die Erde kam Groot
59%
Weltallpolizist der später bei den Guardians of the Galaxy dabei ist Star Lord
57%
ist ein Androide, der von Ultron aus den Überresten der „menschlichen Fackel“, eines Androiden-Superhelden aus der Zeit des Zweiten Weltkriegs, geschaffen wird. Ultron beauftragt ihn mit der Infiltration der Avengers, um diese dann zu vernichten; später wendet er sich aber gegen seinen Schöpfer und kämpft gemeinsam mit den Avengers gegen Ultron Vision
56%
Der einzige Superheld, der WEIß, dass er eine Comic-Figur ist ("Antiheld"), Er redet in seinen Comics direkt mit dem Leser und nervt andere Helden damit. Er hat den Drang zu sterben, was aber ein Problem ist, da er unsterblich ist Deadpool
52%
ein Kind der wohlhabenden Bürgerschicht, war die Laborassistentin und spätere Frau von Henry „Hank“ Pym. Als dieser ihrem Vater Vernon van Dyne assistiert, versucht Vernon Kontakt zu einer außerirdischen Zivilisation aufzunehmen. Das gelingt, doch das kosmische Ungeheuer tötet ihn. Janet bittet Hank, ihr zu helfen, ihren Vater zu rächen, und Hank offenbart ihr, dass er der Superheld Ant-Man ist. Mittels seiner größten Entdeckung, der Pym-Partikel, und einiger biomechanischer Implantate wird sie zur Superheldin *** und später Gründungsmitglied der Avengers Wasp
43%
Ist in einem New Yorker Problembezirk aufgewachsen, wo seine Eltern von Kriminellen erschossen wurden. Er hat eine besondere Verbundenheit zu Vögeln und trainierte in seiner Jugend Tauben Falcon
42%
Trat als Elitesoldat und Leiter einer Spezialtruppe in den Zweiten Weltkrieg ein, in dessen Verlauf er durch eine Granate die Sehkraft auf seinem linken Auge verlor. Nach Kriegsende wurde er zum Direktor der Geheimdienstorganisation S.H.I.E.L.D. Ein spezielles Serum, die Infinity-Formel, verlangsamte indes sein Altern. Im Laufe seiner Karriere hat er mit verschiedenen Superhelden, wie den Avengers, Captain America und den Fantastischen Vier, zusammengearbeitet und wird von ihnen als Verbündeter sehr geschätzt, obgleich seine Pflichten ihn oft als einen unwilligen Antagonisten auftreten ließen Nick Fury
41%
Durch einen Unfall in der Kindheit, durch den er mit radioaktiv verseuchter Flüssigkeit übergossen wurde, erblindet. Seine übrigen Sinne haben sich dafür verstärkt, und ähnlich einer Fledermaus kann er anhand von Schallwellen seine Umgebung wahrnehmen Daredevil
39%
mit seiner Familie während eines Ausflugs von Thanos angegriffen wurde (Captain Marvel #32, 1974). Thanos’ Vater Mentor nahm **** und dessen Tochter Heather, die den Angriff überlebt hatten, mit sich in seine Heimat auf den Saturnmond Titan, wo **** einen neuen Körper erhielt, um als Mentors Champion gegen Thanos antreten zu können Drax der Zerstörer
36%
war ein Kampfpilot während des Vietnamkrieges, der dem frischgebackenen Iron Man bei seiner Flucht zurück in die Staaten verhalf. Er wurde zu Starks engstem Freund und Vertrauten und war für lange Zeit eine der wenigen Personen, die um seine Geheimidentität als Iron Man wussten. Während Stark zeitweise schweren persönlichen Krisen entgegentreten musste, nahm **** zeitweise selbst die Identität von Iron Man an War Machine
35%
Übermenschlich stark und sowohl seine Haut als auch seine Organe sind mit einem fast unzerstörbaren Gestein überzogen, Teil der Fantastischen 4 Ding
33%
Sie ist ein langjähriges Mitglied der Avengers und war auch eine Zeit lang als Ersatz des Dings ein Mitglied bei den Fantastischen Vier She-Hulk
31%
Mitglied der Fantastischen 4, zählt zu den intelligentesten Menschen der Welt Mister Fantastic
30%
Während einer Ägyptenexpedition zusammen geschlagen und halb tot im Tempel des Gottes Khonshu zurückgelassen, Khonshu erweckt ihn wieder zum Leben Moon Knight
29%
Halb Vampir und halb Mensch und bekämpft mit diversen Klingen- und Feuerwaffen Vampire Blade
25%
Als Kind entdeckt *** die sagenumwobene Stadt K’un-Lun, die sein Vater schon vor vielen Jahren besucht hatte. Nach zehn Jahren harten Kampftrainings wird er zum obersten Krieger von K’un-Lun und erhält die mystischen Kräfte Iron Fist
23%
Gestaltwandeln, das Dehnen bzw. Verlängern ihrer Körperteile und einen erhöhten Heilungsprozess Ms. Marvel
22%
Angetrieben durch den Mord an seiner Familie durch die Mafia führt Kriegsveteran ****einen Ein-Mann-Krieg gegen alle Verbrecher, in dem er auch vor Selbstjustiz, Tötung, Entführung, Erpressung und Folter nicht zurückschreckt Punisher
22%
War ursprünglich ein humanoider, männlicher Außerirdischer namens Norrin Radd. Als sein Heimatplanet Zenn-La von dem mächtigen Wesen Galactus aufgesucht wurde, das den Planeten zerstören würde, bot sich Norrin Radd als Herold an, um Zenn-La zu retten Silver Surfer
19%
übermenschliche Stärke und Unempfindlichkeit gegenüber Verletzungen, Anführer der New Avangers Luke Cage
18%
stammt vom Planeten Halfworld, einer Kolonie für geistig Beminderte, wo die dortige Fauna vom kosmischen Wesen namens Stranger auf künstlichem Wege mit Intelligenz ausgestattet wurde, um sich um die Insassen zu kümmern Rocket Raccoon
18%
Sie ist keine Superschurkin, sondern nur eine Fassadenkletterin und Diebin. Durch ihr Interesse an Spider-Man wechselt sie wiederholt auf die Seite der Helden Black Cat
17%
Es gab mehrere von ihm der erste zur Zeit der Cowboys Ghost Rider
17%
Eine humanoide Ente von einem Planeten, auf dem sich Enten zur vorherrschenden Spezies entwickelt haben Howard the Duck
16%
Als er im Weltraum mit kosmischer Strahlung in Kontakt kommt, bekommt er die Fähigkeit, sich in Feuer zu hüllen Die menschliche Fackel
15%
Mitglied der Fantastischen 4, kann sich unsichtbar machen Die Unsichtbare
15%
kam als Jugendliche bei einem Unfall mit einer chemischen Substanz in Berührung, welche ihr übermenschliche Stärke vermacht Jessica Jones
15%
Ist eine junge Superheldin, deren Fähigkeiten auf einem Eichhörnchen basieren. Squirrel Girl
14%
Auf Attilan als Sohn von Inhumans geboren, Er entwickelt die Fähigkeit, Elektronen so zu manipulieren, dass sie mit durch das Mutagen produzierten Teilchen im Sprachzentrum seines Gehirns interagieren, wodurch er mit seiner Stimme großen Schaden anrichten kann Black Bolt
13%
Nach dem Tod ihres Vaters wird sie von der Ninja-Organisation „Die Hand“ zu einer der gefährlichsten Auftragsmörderinnen der Welt ausgebildet Elektra
13%
Eine positive Version des Venom unter Eddie Brock Anti-Venom
11%
Erlangte seine Fähigkeiten wie seine Partnerin durch ein erzwungenes Drogenexperiment eines Gangster-Syndikats Cloak
9%
Eine junge S.H.I.E.L.D.-Agentin und ein Inhuman mit besonderen Fähigkeiten. Außerdem ist sie die Anführerin der Secret Warriors. Sie kann Erdbeben hervorrufen, Objekte „zittern lassen“ und starke Schallwellen nutzen um Gegner in die Luft zu schleudern oder selber riesige flugartige Sprünge durchzuführen Quake
9%
der Sohn von Hulk und Caiera. Er hat einen Bruder Skaar
9%
erhält als Highschoolschüler die Kräfte vom Außerirdischen Rhomann Dey Nova
8%
Erschaffen von der "Enclave" Adam Warlock
7%
Erlangte ihre Fähigkeiten wie ihr Partner durch ein erzwungenes Drogenexperiment eines Gangster-Syndikats Dagger
6%
Wurde auf Sakaar geboren und gehört einem Schattenclan an, Als sie dreizehn Jahre alt war, wurde ihr Dorf von Außerirdischen angegriffen und sie war die einzige Überlebende, stirbt bei einer Explosion, vor der Geburt ihrer Söhne, Skaar und Hiro-Kala, die aber überleben Caiera
5%
Von Merlyn mystische Kräfte bekommen, Die Geschichten nehmen starken Bezug auf britische Legenden und keltische Mythologie Captain Britain
4%
wächst als Kind bei einem Skrull auf, der sich als seine Mutter ausgibt Hulkling
4%
Neuinterpretation der Figur Patsy Walker Hellcat
3%
Einer der ältesten Marvel-Figuren, Erster Antiheld überhaupt, Herrscher von Atlantis im Marvel-Universum und sowohl ein Hybrid zwischen einem Menschen (seinem Vater) und einer atlantäischen Prinzessin als auch ein Mutant Namor the Sub-Mariner
3%
Als Superheld beschrieben, der bereits vor den Fantastic Four und Spider-Man aktiv gewesen war. Seine nahezu omnipotenten Kräfte, die von einem Serum stammen, machen ihn zu einem der mächtigsten Figuren im Marvel-Universum Sentry
3%
graue Maske, Spezialanzug der elektrische Energie absorbieren und umwandeln kann Americop
2%
Überlebender der Zerstörung von Korbin Beta Ray Bill
2%
Bei einem Reaktor-Unfall mit Antimaterie gerät er mit der Negative Zone in Berührung, wegen seiner Hautfarbe gehasst von der Regierung Blue Marvel
2%
Ist der halbmenschliche, halbdämonische Sohn Satans Daimon Hellstrom
2%
Eines Tages hört er von der Legende des ***, den man töten muss, um unsterblich zu werden, Er reist nach Afrika und tötet ihn Gorilla-Man
2%
entstand, nachdem Scream ihre Geschwister außer Carnage getötet hatte und sie zu einem Symbionten verschmolzen hatte Hybrid
2%
ein kosmisches Wesen, das älter als das Universum selbst ist. Seine Aufgabe ist es, das Multiversum vor einem Ungleichgewicht zu bewahren Living Tribunal
2%
Eine Wissenschaftlerin, die ursprünglich an einem Projekt zur Replikation des Superheldenserums mitarbeitet. Sie wird von der Verbrecherorganisation A.I.M. entführt. Es stellt sich jedoch heraus, dass **** zu S.H.I.E.L.D. gehört und ihrerseits beauftragt worden ist, A.I.M. zu infiltrieren Mockingbird
2%
Eine Söldnerin und Anführerin des Wild Pack Silver Sable
2%
Erhielt als Jugendlicher die Gabe, ein kontra-kinetisches Energiefeld zu erzeugen, nachdem er bei einem geheimen Laborexperiment, dem er heimlich beiwohnte, versehentlich mit einer extradimensionalen Energie bestrahlt worden war Speedball
1%
Keine übereinstimmenden Quizze gefunden
Verteilung der Resultate
Anzahl Personen mit jedem Resultat
Perzentil nach korrekt beantworteten Fragen
Ihre Resultats-Entwicklung
Sie haben dieses Quiz noch nicht gespielt